000 00296nam a22001337a 4500
008 170614b xxu||||| |||| 00| 0 eng d
020 _a016166419012003076626010
041 _aeng
080 _a323
100 _a19
101 _aSHP
245 _aCURRENT ISSUES
_cDIETER,G.W
942 _2udc
_cBK
999 _c17425
_d17425